Geography Quiz

Random Geography or State Quiz
Score 0/50 Timer 10:00
5 Plays Today
Airports State % Correct
LGA, JFK, BUFNew York
99.4%
MVY, ACK, BOSMassachusetts
88.5%
LAW, OKC, TULOklahoma
87.7%
ERI, MDT, PHLPennsylvania
86.4%
ATL, BQK, SAVGeorgia
84.1%
BOI, IDA, LWSIdaho
78.4%
LNK, OMA, GRINebraska
74%
ALW, SEA, GEGWashington
72.2%
ROW, SAF, ABQNew Mexico
72%
JNU, FAI, OMEAlaska
70.9%
BNA, CHA, MEMTennessee
70.6%
EKO, RNO, LASNevada
69.5%
BIS, FAR, MOTNorth Dakota
68.2%
PDX, EUG, LMTOregon
66.8%
MCO, FLL, TLHFlorida
65.7%
TUS, GCN, FLGArizona
64.7%
CVG, SDF, LEXKentucky
63.8%
CMH, CAK, TOLOhio
59.9%
ORD, MDW, SPIIllinois
56.4%
ILG*, DOV*, GED*Delaware
54.8%
SJC, ONT, FATCalifornia
52.9%
GRR, DTW, LANMichigan
48.6%
BWI, SBY, GHRMaryland
48.1%
MSP, DLH, BJIMinnesota
47.5%
CDC, SGU, SLCUtah
45.4%
Airports State % Correct
HLN, BZN, BILMontana
45.3%
GRB, EAU, MSNWisconsin
44%
CID, SUX, DBQIowa
43.9%
XNA, TXK, LITArkansas
43.5%
IAD, DCA, ORFVirginia
42.5%
ACY, EWR, PCT*New Jersey
41%
KOA, ITO, OGGHawaii
40.9%
SAT, AMA, IAHTexas
40.5%
MOB, MGM, HSVAlabama
40.2%
MSY, BTR, SHVLouisiana
39.2%
PVD, BID, WSTRhode Island
36.4%
BDL, HVN, HFD*Connecticut
35.3%
JAN, GPT, TUPMississippi
34.6%
PIR, RAP, FSDSouth Dakota
34.3%
RDU, CLT, ILMNorth Carolina
34.2%
BTV, RUT, MPV*Vermont
28.8%
HXD, CHS, MYRSouth Carolina
28.1%
JAC, CYS, CODWyoming
26.8%
MHT, LEB, CON*New Hampshire
26.6%
BGR, PWM, BHBMaine
24.2%
SBN, FWA, EVVIndiana
21.7%
MCI, COU, SGFMissouri
20.8%
COS, GJT, ASEColorado
19.8%
ICT, DDC, MHKKansas
17.1%
CRW, MGW, HTSWest Virginia
15.1%

You're not logged in!

Compare scores with friends on all Sporcle quizzes.
OR
Log In

Sporcle TV

Today on Sporcle TV


Watch our educational content, quiz creation guides, and fun videos on Sporcle TV.

Show Comments

Extras

Top Quizzes Today


Score Distribution

Paid Content

Your Account Isn't Verified!

In order to create a playlist on Sporcle, you need to verify the email address you used during registration. Go to your Sporcle Settings to finish the process.

Report this User

Report this user for behavior that violates our Community Guidelines.

Details: